000 00789nab a2200241 u 4500
001 13000
003 HDC
007 cr bn ---aaaaa
008 210211c my dr|nes 0 eng d
040 _aHDC
245 0 _aKorea and UAE Agree on Research Cooperation
260 _a[no place] :
_b[publisher not identified],
_c[no year]
336 _atext
_2rdacontent
337 _acomputer
_2rdamedia
338 _aonline resource
_2rdacarrier
650 _aForeign relation
_99191
650 _aInternational relation
_99192
710 _aNoodls-India
856 _zRequest full-text at [email protected]
942 _2lcc
942 _cNEWS
942 _kNWSO 002788
999 _c10316
_d10316